Modern Marvels (Record no. 11541)
[ view plain ]
| 000 -LEADER | |
|---|---|
| fixed length control field | 01051nam a22002177a 4500 |
| 008 - FIXED-LENGTH DATA ELEMENTS--GENERAL INFORMATION | |
| fixed length control field | 090517t xxu||||| |||| 00| 0 eng d |
| 020 ## - INTERNATIONAL STANDARD BOOK NUMBER | |
| International Standard Book Number | 0767097718 |
| 082 ## - DEWEY DECIMAL CLASSIFICATION NUMBER | |
| Classification number | 004.1 |
| Item number | COM |
| Edition number | 22 |
| 245 00 - TITLE STATEMENT | |
| Title | Modern Marvels |
| Medium | [videorecording] : |
| Remainder of title | The Creation of the Computer / |
| Statement of responsibility, etc | Arts and Entertainment Network (Firm), History Channel (Television network), Hearst Entertainment (Firm) and Jaffe Productions. |
| 260 ## - PUBLICATION, DISTRIBUTION, ETC. (IMPRINT) | |
| Place of publication, distribution, etc | New York : |
| Name of publisher, distributor, etc | A & E Television Networks, 1996 |
| Date of publication, distribution, etc | 1996 |
| 300 ## - PHYSICAL DESCRIPTION | |
| Extent | 1videodiscs (ca. 50 min.) : |
| Other physical details | sd., col. and b&w ; |
| Dimensions | 4 3/4 in. |
| 500 ## - GENERAL NOTE | |
| General note | Videocassette release of the television program broadcast on The History Channel in1995 |
| 500 ## - GENERAL NOTE | |
| General note | Traces the evolution of the computer over the past two decades |
| 650 ## - SUBJECT ADDED ENTRY--TOPICAL TERM | |
| Topical term or geographic name as entry element | Computers |
| General subdivision | History. |
| 9 (RLIN) | 4778 |
| 655 ## - INDEX TERM--GENRE/FORM | |
| Genre/form data or focus term | Documentary television programs |
| 710 ## - ADDED ENTRY--CORPORATE NAME | |
| 9 (RLIN) | 14052 |
| Corporate name or jurisdiction name as entry element | History Channel (Television network) |
| 710 ## - ADDED ENTRY--CORPORATE NAME | |
| 9 (RLIN) | 14107 |
| Corporate name or jurisdiction name as entry element | Hearst Entertainment (Firm) |
| 710 ## - ADDED ENTRY--CORPORATE NAME | |
| 9 (RLIN) | 14057 |
| Corporate name or jurisdiction name as entry element | Arts and Entertainment Network |
| 710 ## - ADDED ENTRY--CORPORATE NAME | |
| 9 (RLIN) | 14108 |
| Corporate name or jurisdiction name as entry element | Jaffe Productions (Firm) |
| 942 ## - ADDED ENTRY ELEMENTS (KOHA) | |
| Source of classification or shelving scheme | Dewey Decimal Classification |
| Item type | CD | DVD - Documentary (NB) |
| Withdrawn status | Lost status | Source of classification or shelving scheme | Damaged status | Not for loan | Koha collection | Location (home branch) | Sublocation or collection (holding branch) | Shelving location | Date acquired | Source of acquisition | Koha issues (times borrowed) | Koha full call number | Piece designation (barcode) | Koha date last seen | Koha date last borrowed | Price effective from | Koha item type |
|---|---|---|---|---|---|---|---|---|---|---|---|---|---|---|---|---|---|
| Dewey Decimal Classification | Baccah | Central Library | Central Library | Lower Floor | 18/05/2009 | Purchase | 3 | 004.1 HIS | 000016361 | 24/08/2022 | 21/10/2014 | 18/05/2009 | CD | DVD - Documentary (NB) |